Radio and radar astronomy (Record no. 5959)

MARC details
000 -LEADER
fixed length control field 00695nam a2200181Ia 4500
003 - CONTROL NUMBER IDENTIFIER
control field IN-BaIIA
008 - FIXED-LENGTH DATA ELEMENTS--GENERAL INFORMATION
fixed length control field 211028s9999 xx 000 0 eng d
040 ## - CATALOGING SOURCE
Transcribing agency IIA Library
080 ## - UNIVERSAL DECIMAL CLASSIFICATION NUMBER
Universal Decimal Classification number 52-77
Item number IEEE
110 ## - MAIN ENTRY--CORPORATE NAME
Corporate name or jurisdiction name as entry element United States. Congress. House. Committee on Science and Astronautics.
9 (RLIN) 10335
111 ## - MAIN ENTRY--MEETING NAME
Meeting name or jurisdiction name as entry element Tucson Comet Conference on Scientific Data and Missions
9 (RLIN) 10336
245 #0 - TITLE STATEMENT
Title Radio and radar astronomy
Remainder of title proceedings of the IEEE held on September 1973
Statement of responsibility, etc. United States. Congress. House. Committee on Science and Astronautics.
260 ## - PUBLICATION, DISTRIBUTION, ETC.
Place of publication, distribution, etc. Washington
Name of publisher, distributor, etc. IEEE
Date of publication, distribution, etc. 1962
300 ## - PHYSICAL DESCRIPTION
Extent 1172-1376p.
650 ## - SUBJECT ADDED ENTRY--TOPICAL TERM
Topical term or geographic name entry element Astronomy and astrophysics thesaurus
650 ## - SUBJECT ADDED ENTRY--TOPICAL TERM
Topical term or geographic name entry element Radio astronomy
9 (RLIN) 2849
942 ## - ADDED ENTRY ELEMENTS (KOHA)
Koha item type Books
Holdings
Withdrawn status Lost status Damaged status Not for loan Home library Current library Shelving location Date acquired Total Checkouts Full call number Barcode Date last seen Price effective from Koha item type
        IIA Library-Bangalore IIA Library-Bangalore General Stacks 27/09/1978   52-77/ IEEE 6657 05/11/2021 27/09/1978 Books

Powered by Koha